000 00674nam a2200241Ia 4500
008 180628s9999 xx 000 0 und d
020 _a978-621-420-070-2
050 _aCUL TX 814.2
050 _b.C63N49 2017
100 _aNewport, Marian Regina Tolentino.
245 0 _aCoconut kitchen :
245 0 _bappetizers and main dishes /
245 0 _cMaria Regina Tolentino Newport.
260 _aPasig :
260 _bAnvil Publishing,
260 _c2017
300 _a141 pages, 8 pages of plates :
300 _c23 cm.
500 _aIncludes index.
650 _aCookbooks -- Philippines.
650 _aCooking (Coconut).
650 _xCooking, Filipino.
999 _c358107
_d358107